[Event "Beirut op 10th"]
[Site "Beirut"]
[Date "2019.05.02"]
[Round "8"]
[White "Hassweh, Mwaffaq"]
[Black "Sursock, Sameer"]
[Result "1/2-1/2"]
[WhiteElo "1866"]
[BlackElo "2048"]
[PlyCount "108"]
[EventDate "2019.04.25"]
[EventType "swiss"]
[EventRounds "9"]
[EventCountry "LBN"]
[SourceTitle "CBM 190 Extra"]
[Source "ChessBase"]
[SourceDate "2019.07.15"]
[SourceVersion "1"]
[SourceVersionDate "2019.07.15"]
[SourceQuality "1"]

1. e4 c5 2. Nf3 Nc6 3. c3 d5 4. exd5 Qxd5 5. d4 e6 6. Bd3 Nf6 7. 0-0 Be7 8. Be3 c4 9. Be2 0-0 10. Nbd2 Na5 11. Ne5 Qd8 12. Ndxc4 Nd5 13. Bd3 f5 14. Nxa5 Qxa5 15. Bd2 Qc7 16. f4 b6 17. Rf3 Bb7 18. Rh3 Bd6 19. Qh5 Nf6 20. Qe2 Rae8 21. Rg3 Ne4 22. Re3 Rf6 23. Re1 Bxe5 24. dxe5 Rg6 25. Bxe4 Bxe4 26. Rg3 Rxg3 27. hxg3 Rd8 28. Be3 Qc6 29. Bd4 Qd5 30. b3 Rd7 31. g4 g6 32. g5 b5 33. Rd1 Qc6 34. Rd2 a5 35. c4 b4 36. Be3 Kf7 37. Rxd7+ Qxd7 38. Bb6 Qb7 39. c5 Qd5 40. Kh2 Qd4 41. Qa6 Qf2 42. Qa7+ Kf8 43. Qb8+ Kf7 44. Qc7+ Kf8 45. Qd8+ Kf7 46. Qf6+ Kg8 47. Qxe6+ Kg7 48. Qe7+ Kg8 49. Qe8+ Kg7 50. Qe7+ Kg8 51. Qd8+ Kg7 52. Qf6+ Kg8 53. Qd8+ Kg7 54. Qc7+ Kg8 1/2-1/2

[Event "Asian-ch Amateur 4th"]
[Site "Amman"]
[Date "2014.01.28"]
[Round "5.1"]
[White "Al Safouri, Khalid"]
[Black "Hassweh, Mwaffaq"]
[Result "1-0"]
[WhiteElo "1954"]
[BlackElo "1842"]
[PlyCount "67"]
[EventDate "2014.01.25"]
[EventType "swiss"]
[EventRounds "9"]
[EventCountry "JOR"]
[SourceTitle "EXT 2024"]
[Source "ChessBase"]
[SourceDate "2023.10.10"]
[SourceVersion "1"]
[SourceVersionDate "2023.10.10"]
[SourceQuality "1"]

1. e4 e5 2. Nf3 Nf6 3. Nxe5 d6 4. Nc4 Nxe4 5. d4 d5 6. Ne3 c6 7. Be2 Bd6 8. c4 Qh4 9. g3 Bxg3 10. fxg3 Nxg3 11. hxg3 Qxh1+ 12. Kd2 Qe4 13. cxd5 cxd5 14. Ke1 Nc6 15. Nc3 Qg6 16. g4 0-0 17. Nexd5 Rd8 18. Be3 Qe6 19. Qb3 Re8 20. Kf2 b6 21. Rh1 Bb7 22. Qc2 h6 23. Qf5 Qd6 24. Bf4 Qd8 25. Bd3 Ne7 26. Nxe7+ Kf8 27. Ned5 Rc8 28. Rxh6 g6 29. Rh8+ Kg7 30. Be5+ Rxe5 31. Qxe5+ f6 32. Rxd8 fxe5 33. Rd7+ Kh6 34. Rxb7 1-0

[Event "Asian-ch Amateur 4th"]
[Site "Amman"]
[Date "2014.01.27"]
[Round "4.5"]
[White "Hassweh, Mwaffaq"]
[Black "Fauzi, Akram"]
[Result "1-0"]
[WhiteElo "1842"]
[BlackElo "1911"]
[PlyCount "70"]
[EventDate "2014.01.25"]
[EventType "swiss"]
[EventRounds "9"]
[EventCountry "JOR"]
[SourceTitle "EXT 2024"]
[Source "ChessBase"]
[SourceDate "2023.10.10"]
[SourceVersion "1"]
[SourceVersionDate "2023.10.10"]
[SourceQuality "1"]

1. e4 c5 2. Nf3 Nc6 3. d4 cxd4 4. Nxd4 Nf6 5. Nc3 e5 6. Ndb5 d6 7. Nd5 Nxd5 8. exd5 Ne7 9. c4 Ng6 10. Bd3 Be7 11. Be3 0-0 12. 0-0 a6 13. Nc3 f5 14. Qb3 f4 15. Bb6 Qe8 16. f3 Kh8 17. Ne4 Nh4 18. c5 Nf5 19. Bc7 Qd7 20. Qb6 dxc5 21. d6 Bh4 22. Nxc5 Qe8 23. Bxf5 Bxf5 24. Rad1 Rf6 25. Qxb7 Qf8 26. b4 Rg6 27. d7 Bh3 28. Rd2 Bxd7 29. Nxd7 Qe8 30. Nxe5 Re6 31. Rfd1 Rc8 32. g3 fxg3 33. hxg3 Rg6 34. Qxc8 Rxg3+ 35. Kh2 Qxc8 1-0